000 00582nam a22001937i 4500
999 _c23269
_d23269
003 AR-CdUCM
008 250415b20062006eng||||| |||| 00| 0 eng d
020 _a978-0-7641-5940-2
040 _aMUNICIPALIDAD PROVINCIAL DEL CUSCO
_cBIBLIOTECA MUNICIPAL DEL CUSCO
041 _heng
082 _aPI / 372 / F43
_bF43
100 _aFerri, Francesca
_951131
245 _aPeek-A-Boo Jungle / (ingles).
260 _aCanada :
_bBarron's
_c2006
300 _a6 páginas. :
_bIlustraciones
_c24x20 cm.
856 _fwww.barronseduc.com
942 _2ddc
_cLIBROS
945 _apbjr
_d15-04-2025